|
|
|
|
| LEADER |
00749nam a22002052a 4500 |
| 001 |
001337596 |
| 003 |
CZ BrMZK |
| 005 |
20131021084449.0 |
| 007 |
ta |
| 008 |
131021s1965 xo er|||||||||||slo d |
| 040 |
|
|
|a BOA001
|b cze
|
| 245 |
0 |
0 |
|a Sborník príspevkov k 15. výročiu trvania školy :
|b 15 rokov strednej priemyselnej školy geologickej a banickej v Spišskej Novej Vsi /
|c zostavili Ján Horník a Eduard Pavlik
|
| 260 |
|
|
|a Spišská Nová Ves :
|b Stredná priemyselná škola geologická,
|c 1965
|
| 300 |
|
|
|a 109 s., příl.
|
| 700 |
1 |
|
|a Horník, Ján
|4 edt
|
| 700 |
1 |
|
|a Pavlik, Eduard
|4 aut
|
| 910 |
|
|
|a BOA001
|b 2-0569.979
|
| 990 |
|
|
|a BK
|
| 991 |
|
|
|b 201310
|
| 996 |
7 |
|
|b 2619023652
|c 2-0569.979
|l HP2
|r DEN
|n 0
|w 001372604
|u 000010
|a 1
|e BOA001
|j MZK50
|s A
|